| 000 | 00660nam a2200193Ia 4500 | ||
|---|---|---|---|
| 003 | GCL | ||
| 008 | 140319s9999 xx 000 0 ara d | ||
| 040 |
_aGCL / _cGCL |
||
| 082 | 0 | 4 |
_aد _b050 |
| 100 | 1 | _aحسن نافعة | |
| 245 | 1 | 0 |
_aالعرب واليونسكو (عالم المعرفة 135) / _cحسن نافعة |
| 260 |
_a[S.N] : _bالمجلس الوطنى للثقافة والفنون والاداب ، _c1989 |
||
| 300 | _a286 ص | ||
| 490 |
_aعالم المعرفة _v0 |
||
| 650 | 0 | 4 | _aالنزاع العربى الاسرائيلى |
| 650 | 0 | 4 | _aالمنظمات الدولية |
| 650 | 0 | 4 | _aمنظمة اليونسكو |
| 942 |
_2ddc _cBK |
||
| 999 |
_c35943 _d35943 |
||